[Event "NBC 2000-02"]
[Site "?"]
[Date "2000.01.01"]
[Round "?"]
[White "Timmerman Gert Jan"]
[Black "Andersson Ulf"]
[Result "1/2-1/2"]
[WhiteElo "2738"]
[BlackElo "2805"]
[PlyCount "99"]
[EventDate "2000.??.??"]
[Source "www.chesslib.no"]
[SourceDate "2004.05.04"]

1. e4 c5 2. Nf3 e6 3. d4 cxd4 4. Nxd4 Nc6 5. Nc3 a6 6. Nxc6 bxc6 7. Bd3 d5 8. O-O Nf6 9. Bf4 Be7 10. Re1 O-O 11. Qf3 Re8 12. e5 Nd7 13. Na4 Bb7 14. c4 Qa5 15. b3 c5 16. cxd5 Bxd5 17. Qe2 Red8 18. Rac1 Bc6 19. Nb2 Nb6 20. Bb1 g6 21. Be3 Rac8 22. Qg4 c4 23. Bxb6 Qxb6 24. Nxc4 Qb4 25. h4 Bb5 26. h5 Kg7 27. Re4 Bxc4 28. bxc4 Qd2 29. Rf1 Qh6 30. hxg6 hxg6 31. Re3 a5 32. Rh3 Qd2 33. Rf3 Qh6 34. Rh3 Qd2 35. Rf3 Qg5 36. Qxg5 Bxg5 37. Ra3 Rc5 38. f4 Be7 39. Rc3 Rcc8 40. Kf2 Rd4 41. Kf3 Bb4 42. Rd3 Rdxc4 43. Rd7 Rc3+ 44. Kg4 Re3 45. Rfd1 Rc4 46. Rb7 Be1 47. Rb3 Rcc3 48. Rxc3 Bxc3 49. Rd3 Rxd3 50. Bxd3 1/2-1/2

[Event "Corr"]
[Site "?"]
[Date "1996.11.01"]
[Round "?"]
[White "Timmerman Gert Jan"]
[Black "Kilgour David A.(SCO)"]
[Result "1/2-1/2"]
[WhiteElo "2725"]
[BlackElo "2580"]
[PlyCount "56"]
[EventDate "1996.??.??"]
[Source "www.chesslib.no"]
[SourceDate "2004.05.04"]

1. e4 c5 2. Nf3 e6 3. d4 cxd4 4. Nxd4 Nc6 5. Nc3 a6 6. Nxc6 bxc6 7. Bd3 d5 8. O-O Nf6 9. Re1 Be7 10. e5 Nd7 11. Qg4 g6 12. Bh6 Rb8 13. Qh3 Rxb2 14. Bg7 Rg8 15. Qxh7 Rxg7 16. Qxg7 Bb4 17. Bxg6 Qe7 18. Na4 Bxe1 19. Nxb2 Bc3 20. Rb1 fxg6 21. Qxg6+ Kd8 22. Nd3 Nxe5 23. Qg8+ Kc7 24. Qg3 Qd6 25. Qg7+ Qd7 26. Qg3 Qd6 27. Qg7+ Qd7 28. Qg3 Qd6 1/2-1/2

[Event "Silivri 88/147"]
[Site "?"]
[Date "2003.??.??"]
[Round "?"]
[White "Jaracz, P."]
[Black "Rublevsky, S."]
[Result "0-1"]
[WhiteElo "2549"]
[BlackElo "2670"]
[PlyCount "66"]
[EventDate "2003.??.??"]
[Source "Chess Informant"]
[SourceDate "2003.06.01"]

1. e4 c5 2. Nf3 e6 3. d4 cxd4 4. Nxd4 Nc6 5. Nc3 a6 6. Nxc6 bxc6 7. Bd3 d5 8. O-O Qc7 9. Qe2 Nf6 10. b3 Be7 11. Bb2 O-O 12. Rae1 Bb7 13. f4 c5 14. exd5 c4 15. Bxc4 Bc5+ 16. Kh1 exd5 17. Bd3 Bb4 18. Nd1 Ne4 19. c3 Bc5 20. f5 Rfe8 21. Qh5 Ng3+ 22. hxg3 Rxe1 23. Rxe1 Qxg3 24. Re2 Qxd3 25. Nf2 Qb1+ 26. Kh2 Bd6+ 27. g3 d4 28. Qg4 h5 29. Qxh5 d3 30. Rd2 Qf1 31. Qh3 Qe1 32. Bc1 Qxc1 33. Rxd3 Bc5 0-1